000 01191nam a2200337 a 4500
001 vtls000071659
003 NLI
005 20210601193139.0
008 101125s1961 enk 001 0 eng
020 _cRs. 50.40
039 9 _y201011250732
_zVLOAD
040 0 _aNLI
_beng
_cEntertech-2003
_eAACR2
041 1 _aeng
_hfre
044 _aenk
082 0 4 _a189.2
100 1 _aGilson, Etienne,
_d1884-1978
_9170327
240 1 _aIntroduction a l'etude de saint Augustin.
_lEnglish
245 1 4 _aThe Christian philosophy of Saint Augustine /
_cby Etienne Gilson ; translated [from the French] by L. E. M. Lynch
260 _aLondon :
_bVictor Gollancz,
_c1961
300 _axii, 398 p. ;
_c22 cm.
500 _aTranslation of : Introduction a l'etude de saint Augustin
500 _aIncludes index
600 0 0 _aAugustine,
_cSaint, Bishop of Hippo
_xContributions in theology
_9172067
650 0 _aGod
_xKnowableness
_xHistory of doctrines
_yEarly church, ca. 30-600
_9172068
700 1 _aLynch, L. E. M,
_4trl
_9172069
887 _a
901 _a340488
_b20.07.1961
902 _aE189.2 G428
949 _AVIRTUAITEM
_D10000
_X100
_6PUR000340488ENG
942 _2ddc
_cBKS
999 _aVIRTUA00
_c75889
_d75889